000 00514nam a2200193 a 4500
001 54540
005 20180714045429.0
008 140415s1982 mx 000 0 spa d
041 _aspa
082 _a146.309
_bCON
100 1 _aCONFORTH, MAURICE
245 1 3 _aEL MATERIALISMO HISTORICO
250 _a1a ed.
260 _aMEXICO :
_bNUESTRO TIEMPO,
_c1982
300 _a167
490 _aCUESTIONES FILOSOFICAS
650 1 4 _aHISTORIA
_xFILOSOFIA
700 1 _aZAVALLA OMAÑA, FRANCISCO
_etr.
999 _c54540
_d54540